00989naa a22002417a 4500001001000000003000900010005001700019007000300036008003400039040005400073041000900127072002000136100001800156100001800174111009000192245010900282260004200391500013600433650000900569650000900578650002700587773013300614BR9605520BR-BrBNA20240918181659.0ta230509b bl.||||| |||| 00| 0 por d aBR-BrBNAbporcBiblioteca Nacional de Agricultura a(Pt) aF02b2120b35301 aPaulino, A.J.1 aPaulini, A.E.1 a12. Congresso Brasileiro de Pesquisas CafeeirascCaxambu, MG (Brazil)d28-31 Oct 19851 aObservacoes preliminares sobre epocas de enraizamento na formacao de mudas de conilon atraves de estacas3 aRio de Janeiro, RJ (Brasil): c1985.  a12. Congresso Brasileiro de Pesquisas Cafeeiras. Trabalhos apresentados Rio de Janeiro, RJ (Brasil): 1985. p. 92 (BR9605520-AM)F02  aCafe aMuda aEnraizamento de Estaca0 t12. Congresso Brasileiro de Pesquisas Cafeeiras. Trabalhos apresentadoswF02 BR9605520gRio de Janeiro, RJ (Brasil), 1985. p. 92